Statistics for Star Wars: Episode I – The Phantom Menace

Click here to take the quiz!

General Stats

  • This quiz has been taken 196 times
  • The average score is 19 of 25

Answer Stats

HintAnswer% Correct
Queen of the planetPadme Amidala
98%
Planet undergoing a blockadeNaboo
97%
The two jedi sent as "ambassadors" to resolve the disputeObi-Wan Kenobi
96%
Amphibious outcast saved by the jediJar Jar Binks
94%
The two jedi sent as "ambassadors" to resolve the disputeQui Gon Jinn
92%
The Emperor's apprenticeDarth Maul
91%
Planet on which the jedi stop to repair their shipTatooine
90%
What Anakin would be according to the prophecyThe {Chosen} One
89%
Order to which he belongsSith
84%
Complete the quotes:“Ther'es always a bigger {fish}.”
83%
City-covered planet, Capital of the GalaxyCoruscant
76%
Complete the quotes:“Fear leads to {anger}. {Anger} leads to hate.
Hate leads to suffering.”
75%
Species to which it belongsGungans
74%
Anakin's main rival during the raceSebulba
74%
Name for the racing vehiclesPodracers
72%
Complete the quotes:“Always {two}, there are. No more, no less.”
71%
First name of Anakin's motherShmi
71%
Rolling battle droids with shield generatorDroideka
70%
Junk dealer and master of AnakinWatto
70%
Corporation that implemented the blockadeTrade Federation
69%
Viceroy of this organizationNute Gunray
62%
Leader of this communityBoss Nass
58%
Security forces captain, Queen's protectorPanaka
44%
Race held in Mos Espa{Boonta} {Eve} Classic
36%
Capital city of this planetTheed
35%

Score Distribution

Percentile by Number Answered

Percent of People with Each Score

Your Score History

You have not taken this quiz